000
00308nam a22001217a 4500
003
OSt
005
20160217163733.0
008
160217b xxu||||| |||| 00| 0 eng d
040
_c
Rongo University College
245
_a
Ecology Concepts And Aplication
260
_a
USA
_b
Mc Graw-Hill
_c
2005
942
_2
lcc
_c
BK
999
_c
252432
_d
252431